00492nam a2200193 a 4500001001300000003000900013005001700022008004100039020001000080082001700090100002000107245002400127260003200151300000900183500003500192505001100227650004000238700002000278nice12345678IN_TiNIC20260116012255.0050524s1953 bosa grp 000 0 eng  ac10000a320.973bROY aRoy, Ralph Lord aApostles of Discord aBostonbBeacon Press c1953 a437p aincludes index and biblioraphy2 aErrata aReligion and Politics-United States1 aRoy, Ralph Lord